Подземные воды СССР. Т. 1: Гидрогеологический очерк (Запись № 6726929)

Подробности
000 -МАРКЕР
контрольное поле 01303nam2a22002411 4500
001 - ИДЕНТИФИКАТОР ЗАПИСИ
контрольное поле rc\1024060
005 - ИДЕНТИФИКАТОР ВЕРСИИ
контрольное поле 20250622104542.0
035 ## - ДРУГИЕ СИСТЕМНЫЕ НОМЕРА
Идентификатор записи (NLR Aleph) 006248086
100 ## - ДАННЫЕ ОБЩЕЙ ОБРАБОТКИ
Данные общей обработки 20041129d1981 |||y0rusy50 ca
101 0# - ЯЗЫК РЕСУРСА
Язык текста, звукозаписи и т.д. русский
102 ## - СТРАНА ПУБЛИКАЦИИ ИЛИ ПРОИЗВОДСТВА
Страна публикации Российская Федерация
105 ## - ПОЛЕ КОДИРОВАННЫХ ДАННЫХ: ТЕКСТОВЫЕ МАТЕРИАЛЫ, МОНОГРАФИЧЕСКИЕ
Кодированные данные о монографическом текстовом документе y |||||||||
200 1# - ЗАГЛАВИЕ И СВЕДЕНИЯ ОБ ОТВЕТСТВЕННОСТИ
Основное заглавие Гидрогеологический очерк
Первые сведения об ответственности Сост. Б.А. Казинцев, В.Л. Громов
Последующие сведения об ответственности Ред. Е.М. Пирогова
210 ## - ПУБЛИКАЦИЯ, РАСПРОСТРАНЕНИЕ И ДР.
Дата издания, распространения и т.д. 1981
Место издания, распространения и т.д. Б. м.
215 ## - ФИЗИЧЕСКАЯ ХАРАКТЕРИСТИКА
Специфическое обозначение материала и объем 64 с.
333 ## - ПРИМЕЧАНИЯ ОБ ОСОБЕННОСТЯХ РАСПРОСТРАНЕНИЯ И ИСПОЛЬЗОВАНИЯ
Текст примечания ДСП. Экз. № 4
461 #0 - УРОВЕНЬ НАБОРА
Встроенное поле 001rc\2209271
-- 2001#$aПодземные воды СССР$eОбзор подземных вод Краснодарского края$fМ-во геологии СССР, Всесоюз. геол. фонд., Сев.-Кавк. террит. геол. упр.$vТ. 1
Системный номер (АБИС) связанной записи 6099247
Место публикации Москва
Дата публикации 1978
Первые сведения об ответственности М-во геологии СССР, Всесоюз. геол. фонд., Сев.-Кавк. террит. геол. упр.
Имя издателя, распространителя и т.д. Центр специализир. произв. хозрасчет. предприятие
Сведения, относящиеся к заглавию Обзор подземных вод Краснодарского края
Заглавие Подземные воды СССР
Номер тома Т. 1
801 #0 - ИСТОЧНИК ЗАПИСИ
Страна Российская Федерация
Организация NLR
Правила каталогизации psbo
801 #1 - ИСТОЧНИК ЗАПИСИ
Страна Российская Федерация
Организация ELAR
Источник данных rusmarc
852 ## - МЕСТОНАХОЖДЕНИЕ И ШИФР ХРАНЕНИЯ
Идентификатор организации NLR
Шифр хранения (Call Number) 79-50К/3400
942 ## - ДОПОЛНИТЕЛЬНЫЕ ЭЛЕМЕНТЫ ЗАПИСИ (АБИС)
Тип экземпляра АБИС Книга
980 ## - КОЛЛЕКЦИЯ
Название коллекции Национальная библиография
Экземпляры
Тип экземпляра Дата поступления Библиотека постоянного хранения Библиотека текущего хранения Место хранения Шифр хранения Штрих-код Статус экземпляра
Книга 26.10.2013 РНБ (Московский) РНБ (Московский) Фонд литературы для служебного пользования 79-50К/3400 6248086-10